• 首页
  • 本馆介绍
  • 公告通知
  • 最新文献
  • 馆藏检索
  • 电子资源
  • 读者导购
  • 参考咨询
  • 我的图书馆
  • 登录
  • 详细信息显示
  • 放入我的书架
  • 预约/预借图书
  • 作者相关作品
  • 分类相关作品
  • 丛书相关作品
  • 出版社相关作品

书目信息

  • 表格格式
  • 工作单格式
  • 卡片格式
题名:
神话的观看
    
 
作者: 刘立宪
分册:  
出版信息: 沈阳   辽宁美术出版社  2002.02
页数: 86页
开本: 26cm
丛书名:
单 册:
中图分类: J412.9
科图分类:
主题词: 摄影技术--普及读物 , 摄影艺术--各种
电子资源:
ISBN: 7-5314-2935-7
000 00682nam0 2200229 450
001 0673039437
005 20071215135557.16
010    @a7-5314-2935-7@b平装@dCNY58.00
100    @a20060708d2002 km y0chiy0120 ea
101 0  @achi
102    @aCN@b210000
200 1  @a神话的观看@Ashen hua de guan kan@e黑白人体影像研究@f刘立宪@Fliu li xian
210    @a沈阳@c辽宁美术出版社@d2002.02
215    @a86页@d26cm
517 1  @a黑白人体影像研究@Ahei bai ren ti ying xiang yan jiu
606 0  @a摄影技术@x普及读物
606 0  @a摄影艺术@x各种
690    @aJ412.9@v3
701  0 @a刘立宪@Aliu li xian
801  0 @aCN@bNISOFT@c20071215
905    @aBZT@dJ412.9@e3
906    @dCNY 58.00@n0@r1
    
    神话的观看:黑白人体影像研究/刘立宪.-沈阳:辽宁美术出版社,2002.02
    86页;26cm
    
    
    ISBN 7-5314-2935-7(平装):CNY58.00
    
●
相关链接 在五车中查询图书 在当当中查询图书 在豆瓣中查询图书


正题名:神话的观看     索取号:J412.9/3         预约/预借

序号 登录号 条形码 馆藏地/架位号 状态 备注
1 615145   2000615145   中心书库中库/ 中库019架A面3列7层6/ [索取号:J412.9/3] 在馆    
2 615146   2000615146   中心书库中库/ 中库019架B面4列5层11/ [索取号:J412.9/3] 在馆    
3 615147   2000615147   中心书库中库/ 中库019架A面2列6层46/ [索取号:J412.9/3] 在馆    
4 615148   2000615148   中心书库中库/ 中库019架A面2列6层35/ [索取号:J412.9/3] 在馆    
5 615149   2000615149   中心书库中库/ 中库019架A面2列6层37/ [索取号:J412.9/3] 在馆    
6 615150   2000615150   中心书库中库/ 中库019架A面3列7层7/ [索取号:J412.9/3] 在馆    
7 615151   2000615151   中心书库中库/ 中库019架A面2列6层40/ [索取号:J412.9/3] 在馆    
8 615152   2000615152   中心书库中库/ 中库019架A面2列6层39/ [索取号:J412.9/3] 在馆    
9 615153   2000615153   中心书库中库/ 中库019架A面2列6层38/ [索取号:J412.9/3] 在馆    
10 615154   2000615154   中心书库中库/ 中库019架A面2列6层36/ [索取号:J412.9/3] 在馆    
山东省滨州职业学院图书馆 欢迎您!
大连网信软件有限公司© 版权所有